| 000 | 01162nam a2200265 a 4500 | ||
|---|---|---|---|
| 020 | _a0309035686 (pbk.) : | ||
| 082 | 0 | 0 |
_a625.733 _bWAH |
| 100 | 1 |
_aWahls, Harvey E. _921592 |
|
| 245 | 1 | 0 |
_aShallow foundations for highway structures / _cHarvey E. Wahls ; research sponsored by the American Association of State Highway and Transportation Officials in cooperation with the Federal Highway Administration. |
| 260 |
_aWashington, D.C. : _bTransportation Research Board, National Research Council, _c[1983] |
||
| 300 |
_a38 p. : _bill. ; _c28 cm. |
||
| 490 | 1 | _aSynthesis of highway practice / National Cooperative Highway Research Program, | |
| 500 | _a"December 1983." | ||
| 526 |
_a0 _b0 _c0 _d625_733000000000000_WAH |
||
| 650 | 0 |
_aBridges _xFoundations and piers. _921593 |
|
| 650 | 0 |
_aCulverts. _93093 |
|
| 650 | 0 |
_aMCE _9379 |
|
| 650 | 0 |
_aRetaining walls. _921594 |
|
| 650 | 0 |
_aRoads _xFoundations. _921154 |
|
| 650 | 0 |
_aRoads _xSafety measures. _920708 |
|
| 710 | 1 |
_aUnited States. _921185 |
|
| 710 | 2 |
_aAmerican Association of State Highway and Transportation Officials. _919553 |
|
| 710 | 2 |
_aNational Research Council (U.S.). _920017 |
|
| 942 |
_2ddc _cBK |
||
| 999 |
_c547491 _d547491 |
||